Countries with the Highest Cancer Death Rate - Statistics

General Stats
  • This quiz has been taken 54 times
  • The average score is 8 of 18
Answer Stats
Rate Country % Correct
131.0 Poland
65%
127.1 Romania
63%
152.1 Hungary
60%
129.0 Lithuania
60%
141.6 Macedonia
60%
147.8 Serbia
60%
136.7 Croatia
58%
128.8 Latvia
58%
128.8 Turkey
58%
139.0 Montenegro
56%
150.3 Armenia
46%
140.2 Kazakhstan
44%
161.0 Mongolia
35%
144.8 Uruguay
21%
135.3 Kenya
15%
142.7 Zimbabwe
15%
134.2 Uganda
10%
129.7 East Timor
4%
No matching quizzes found
Score Distribution
Percent of People with Each Score
Percentile by Number Answered
Your Score History
You have not taken this quiz